=LDR 00000nam 2200000 4500 =001 INLIS000000000047194 =005 20251021035536 =035 ##$$a 0010-091500000000024 =008 251021################b##########0#ind## =082 ##$$a 028.5 =090 ##$$a 028.5 soll s.iv.1 =100 ##$$a Soleh, Sari Pusparini =245 1#$$a Sang Pengunjung Langit : $b Kisah Nabi Muhammad (1) /$c Sari Pusparini Soleh, Pengantar: Prof.Dr.Ahmad Tafsir =260 ##$$a Bandung :$b Remaja Rosdakarya,$c 2008 =300 ##$$a 36 hlm : $b ilus. ; $c 21x15 cm =850 ##$$a NPBMAT =020 ##$$a 9796928582 =084 ##$$a 028.5 SOL s =250 ##$$a cet.1 =650 #4$$a Kisah Nabi =990 ##$$a 0001/BPAP-NTB/2015 =990 ##$$a 0001/BPAP-NTB/2015 =990 ##$$a 0001/BPAP-NTB/2016 =990 ##$$a 1202401902 =990 ##$$a 20900160